[Event "Mistrovstvi Cech 2019 - U14"]
[Site "?"]
[Date "2019.10.27"]
[Round "2.2"]
[White "Pejrimovska, Viola Ruby"]
[Black "Hlavina, Matous"]
[Result "0-1"]
[BlackElo "1983"]
[WhiteElo "1583"]
[LiveChessVersion "1.4.8"]

1. e4 {[%clk 1:30:58]} e6 {[%clk 1:30:59]} 2. Nf3 {[%clk 1:31:16]} d5
{[%clk 1:31:25]} 3. e5 {[%clk 1:31:33]} c5 {[%clk 1:31:51]} 4. b4
{[%clk 1:31:53]} cxb4 {[%clk 1:32:13]} 5. d4 {[%clk 1:32:16]} Nc6
{[%clk 1:32:29]} 6. a3 {[%clk 1:32:41]} bxa3 {[%clk 1:32:48]} 7. c3
{[%clk 1:33:02]} Bd7 {[%clk 1:33:05]} 8. Bd3 {[%clk 1:33:03]} b5 {[%clk 1:33:11]}
9. Nxa3 {[%clk 1:28:55]} b4 {[%clk 1:32:27]} 10. Nb1 {[%clk 1:15:20]} h6
{[%clk 1:29:50]} 11. O-O {[%clk 1:15:22]} Nge7 {[%clk 1:29:19]} 12. c4
{[%clk 1:13:17]} dxc4 {[%clk 1:21:59]} 13. Bxc4 {[%clk 1:13:29]} Na5
{[%clk 1:18:52]} 14. Bd3 {[%clk 1:08:14]} Nd5 {[%clk 1:18:02]} 15. Nbd2
{[%clk 1:05:54]} Nc3 {[%clk 1:09:52]} 16. Qe1 {[%clk 1:03:17]} Bb5
{[%clk 1:06:12]} 17. Bxb5+ {[%clk 1:00:29]} Nxb5 {[%clk 1:04:37]} 18. Bb2
{[%clk 1:00:28]} Nc6 {[%clk 1:03:56]} 19. Ne4 {[%clk 0:57:38]} Qd5
{[%clk 1:00:40]} 20. Qe3 {[%clk 0:51:49]} Be7 {[%clk 0:59:22]} 21. Rac1
{[%clk 0:49:17]} a5 {[%clk 0:57:00]} 22. Nd6+ {[%clk 0:47:34]} Nxd6
{[%clk 0:54:04]} 23. exd6 {[%clk 0:41:19]} Bxd6 {[%clk 0:53:26]} 24. Ne5
{[%clk 0:41:01]} Ne7 {[%clk 0:49:09]} 25. Nc4 {[%clk 0:33:01]} Bc7
{[%clk 0:45:43]} 26. Ne5 {[%clk 0:29:05]} Bxe5 {[%clk 0:41:13]} 27. dxe5
{[%clk 0:27:40]} Qb7 {[%clk 0:39:08]} 28. f4 {[%clk 0:25:39]} O-O
{[%clk 0:38:36]} 29. g4 {[%clk 0:25:01]} Rfd8 {[%clk 0:34:22]} 30. f5
{[%clk 0:23:56]} Qa7 {[%clk 0:33:43]} 31. Rc5 {[%clk 0:19:58]} Rac8
{[%clk 0:29:22]} 32. Rfc1 {[%clk 0:17:18]} Rxc5 {[%clk 0:25:33]} 33. Rxc5
{[%clk 0:17:01]} Rd5 {[%clk 0:25:15]} 34. Bd4 {[%clk 0:14:39]} Rxc5
{[%clk 0:24:40]} 35. Bxc5 {[%clk 0:14:28]} Qd7 {[%clk 0:24:54]} 36. f6
{[%clk 0:10:36]} Qd1+ {[%clk 0:24:27]} 37. Kf2 {[%clk 0:08:59]} Nd5
{[%clk 0:24:41]} 38. Qe4 {[%clk 0:05:42]} Qd2+ {[%clk 0:24:09]} 39. Qe2
{[%clk 0:03:23]} Qf4+ {[%clk 0:22:49]} 40. Kg2 {[%clk 0:02:23]} Nc3
{[%clk 0:22:08]} 41. Qd3 {[%clk 0:01:05]} Qe4+ {[%clk 0:22:14]} 42. Qxe4
{[%clk 0:01:00]} Nxe4 {[%clk 0:22:42]} 43. Be7 {[%clk 0:01:20]} b3
{[%clk 0:23:04]} 44. Ba3 {[%clk 0:01:27]} Nd2 {[%clk 0:23:27]} 45. fxg7
{[%clk 0:01:09]} Nc4 {[%clk 0:23:52]} 46. Bc1 {[%clk 0:01:23]} b2
{[%clk 0:24:17]} 47. Bxb2 {[%clk 0:01:36]} Nxb2 {[%clk 0:24:44]} 0-1

[Event "Mistrovstvi Cech 2019 - U14"]
[Site "?"]
[Date "2019.10.27"]
[Round "2.3"]
[White "Smolik, Jachym"]
[Black "Simunek, Jakub Simon"]
[Result "1-0"]
[BlackElo "1543"]
[WhiteElo "1900"]
[LiveChessVersion "1.4.8"]

1. d4 {[%clk 1:30:58]} d5 {[%clk 1:30:52]} 2. c4 {[%clk 1:31:22]} e6
{[%clk 1:31:13]} 3. Nc3 {[%clk 1:31:47]} Nf6 {[%clk 1:31:38]} 4. cxd5
{[%clk 1:32:12]} exd5 {[%clk 1:32:02]} 5. Bg5 {[%clk 1:32:36]} c6
{[%clk 1:31:50]} 6. e3 {[%clk 1:32:53]} h6 {[%clk 1:31:47]} 7. Bh4
{[%clk 1:32:30]} Be6 {[%clk 1:31:07]} 8. Bd3 {[%clk 1:31:27]} Nbd7
{[%clk 1:30:28]} 9. Nge2 {[%clk 1:26:36]} g5 {[%clk 1:29:24]} 10. Bg3
{[%clk 1:26:44]} Nh5 {[%clk 1:29:26]} 11. Qc2 {[%clk 1:23:52]} Nxg3
{[%clk 1:29:21]} 12. Nxg3 {[%clk 1:23:53]} h5 {[%clk 1:29:24]} 13. O-O-O
{[%clk 1:09:44]} h4 {[%clk 1:27:00]} 14. Nf5 {[%clk 1:09:17]} Qa5
{[%clk 1:26:32]} 15. Kb1 {[%clk 1:06:07]} O-O-O {[%clk 1:25:58]} 16. Rc1
{[%clk 1:05:45]} Kb8 {[%clk 1:24:52]} 17. a3 {[%clk 0:58:02]} Nb6
{[%clk 1:17:01]} 18. g4 {[%clk 0:50:43]} Bxf5 {[%clk 1:13:27]} 19. gxf5
{[%clk 0:50:47]} Nc8 {[%clk 1:03:41]} 20. h3 {[%clk 0:46:13]} f6 {[%clk 1:00:55]}
21. Na4 {[%clk 0:44:57]} Qc7 {[%clk 0:57:07]} 22. b4 {[%clk 0:44:50]} Qf7
{[%clk 0:52:40]} 23. Ka2 {[%clk 0:43:01]} Qd7 {[%clk 0:41:01]} 24. Nc5
{[%clk 0:36:58]} Bxc5 {[%clk 0:41:15]} 25. bxc5 {[%clk 0:37:27]} Ne7
{[%clk 0:34:57]} 26. Rb1 {[%clk 0:37:38]} Rh7 27. Ba6 {[%clk 0:37:21]} Nc8
{[%clk 0:32:18]} 28. Rxb7+ {[%clk 0:37:19]} Qxb7 {[%clk 0:32:43]} 29. Bxb7
{[%clk 0:37:47]} Rxb7 {[%clk 0:32:53]} 30. Rb1 {[%clk 0:36:35]} Rxb1
{[%clk 0:32:58]} 31. Qxb1+ {[%clk 0:37:00]} Ka8 {[%clk 0:33:03]} 32. Qd1
{[%clk 0:37:09]} Rg8 {[%clk 0:32:22]} 33. Qh5 {[%clk 0:37:22]} Ne7
{[%clk 0:31:22]} 34. Qf7 {[%clk 0:36:03]} g4 {[%clk 0:31:32]} 35. Qxe7
{[%clk 0:36:09]} gxh3 {[%clk 0:31:33]} 36. Qe6 {[%clk 0:36:31]} Rh8
{[%clk 0:29:09]} 37. Qxf6 1-0

[Event "Mistrovstvi Cech 2019 - U14"]
[Site "?"]
[Date "2019.10.27"]
[Round "2.4"]
[White "Bednar, Milos"]
[Black "Soucek, Petr"]
[Result "1/2-1/2"]
[BlackElo "1816"]
[WhiteElo "1573"]
[LiveChessVersion "1.4.8"]

1. e4 {[%clk 1:30:56]} c5 {[%clk 1:30:56]} 2. Nf3 {[%clk 1:31:16]} Nc6
{[%clk 1:31:20]} 3. d4 {[%clk 1:31:38]} cxd4 {[%clk 1:31:13]} 4. Nxd4
{[%clk 1:31:58]} e5 {[%clk 1:31:24]} 5. Nb5 {[%clk 1:31:29]} d6 {[%clk 1:31:49]}
6. N1c3 {[%clk 1:31:21]} a6 {[%clk 1:32:10]} 7. Na3 {[%clk 1:31:46]} b5
{[%clk 1:32:32]} 8. Nd5 {[%clk 1:32:03]} Nf6 {[%clk 1:32:26]} 9. Bg5
{[%clk 1:32:26]} Be7 {[%clk 1:32:50]} 10. Bxf6 {[%clk 1:32:52]} Bxf6
{[%clk 1:31:52]} 11. c3 {[%clk 1:33:17]} Be6 {[%clk 1:31:58]} 12. Bxb5
{[%clk 1:27:39]} axb5 {[%clk 1:31:51]} 13. Nxb5 {[%clk 1:28:01]} O-O
{[%clk 1:26:04]} 14. Nxf6+ {[%clk 1:25:10]} Qxf6 {[%clk 1:19:38]} 15. b3
{[%clk 1:23:10]} Rad8 {[%clk 1:18:10]} 16. c4 {[%clk 1:22:11]} Qg6
{[%clk 1:18:28]} 17. Qf3 {[%clk 1:22:22]} Nb4 {[%clk 1:11:37]} 18. O-O
{[%clk 1:21:04]} f5 {[%clk 1:11:17]} 19. Qc3 {[%clk 1:20:30]} Na6
{[%clk 0:57:36]} 20. Rad1 {[%clk 1:15:37]} Bc8 {[%clk 0:45:29]} 21. exf5
{[%clk 1:10:13]} Bxf5 {[%clk 0:42:28]} 22. Rd2 {[%clk 1:05:43]} Nc5
{[%clk 0:41:37]} 23. f3 {[%clk 1:00:58]} Bd3 {[%clk 0:38:52]} 24. Rff2
{[%clk 0:54:50]} e4 {[%clk 0:35:08]} 25. Qd4 {[%clk 0:54:20]} Ne6
{[%clk 0:32:47]} 26. Qe3 {[%clk 0:51:39]} Nf4 {[%clk 0:24:43]} 27. fxe4
{[%clk 0:45:02]} Nxg2 {[%clk 0:15:38]} 28. Qg3 {[%clk 0:39:39]} Rxf2
{[%clk 0:12:09]} 29. Qxg6 {[%clk 0:35:53]} hxg6 {[%clk 0:10:13]} 30. Kxf2
{[%clk 0:36:17]} Bxe4 {[%clk 0:10:12]} 31. Rxd6 {[%clk 0:36:24]} 1/2-1/2

[Event "Mistrovstvi Cech 2019 - U14"]
[Site "?"]
[Date "2019.10.27"]
[Round "2.5"]
[White "Winter, Ondrej"]
[Black "Svacina, Tobias"]
[Result "0-1"]
[BlackElo "1538"]
[WhiteElo "1806"]
[LiveChessVersion "1.4.8"]

1. e4 e5 2. Nf3 Nc6 3. Bc4 Nf6 4. d3 Bc5 5. O-O a6 6. c3 Ba7 7. Re1 d6 8. Nbd2
Ng4 9. Re2 Na5 10. d4 O-O 11. h3 Nh6 12. b4 Nxc4 13. Nxc4 Be6 14. Qd3 b5 15. Nb2
Qf6 16. Bg5 Qg6 17. Qd2 f6 18. Bxh6 gxh6 19. Kh2 Kh8 20. d5 Bd7 21. Rg1 f5 22.
Nh4 Qg5 23. Qxg5 hxg5 24. Nxf5 Bxf5 25. exf5 Rxf5 26. Nd1 Raf8 27. Rf1 R8f6 28.
f3 Rf4 29. Rfe1 Kg7 30. a4 bxa4 31. Ra2 e4 32. Rxa4 exf3 33. Rxa6 f2 34. Rf1 Bb6
35. Ra2 R6f5 36. Rd2 g4 37. g3 Rc4 38. h4 Rf3 39. Kg2 Re4 40. Nxf2 Ree3 41. Kh2
Rxg3 42. c4 Rc3 43. c5 dxc5 44. Ne4 Rh3+ 45. Kg2 cxb4 46. Nxc3 bxc3 47. Re2 Bc5
48. Rf4 Rxh4 49. Rc2 Bd6 50. Rff2 Rh2+ 51. Kf1 Rxf2+ 52. Kxf2 Be5 53. Ke3 g3 54.
Ke4 Kf6 55. Ra2 h5 56. Ra6+ Bd6 57. Ra2 h4 0-1

[Event "Mistrovstvi Cech 2019 - U14"]
[Site "?"]
[Date "2019.10.27"]
[Round "2.6"]
[White "Sip, Marek"]
[Black "Stocek, Martin"]
[Result "0-1"]
[BlackElo "1726"]
[WhiteElo "1553"]
[LiveChessVersion "1.4.8"]

1. d4 {[%clk 1:30:48]} Nf6 {[%clk 1:30:49]} 2. c4 {[%clk 1:31:01]} d6
{[%clk 1:31:14]} 3. Nc3 {[%clk 1:30:58]} g6 {[%clk 1:31:40]} 4. e4
{[%clk 1:30:56]} Bg7 {[%clk 1:32:04]} 5. f3 {[%clk 1:30:58]} O-O {[%clk 1:32:24]}
6. Be3 {[%clk 1:31:03]} Nfd7 {[%clk 1:32:40]} 7. Nge2 {[%clk 1:30:50]} c5
{[%clk 1:32:47]} 8. g4 {[%clk 1:30:53]} Nc6 {[%clk 1:31:31]} 9. d5
{[%clk 1:30:50]} Nce5 {[%clk 1:26:50]} 10. Ng3 {[%clk 1:30:57]} Nb6
{[%clk 1:24:55]} 11. Qe2 {[%clk 1:22:01]} Nbxc4 {[%clk 1:22:06]} 12. Bf4
{[%clk 1:20:16]} Qa5 {[%clk 1:17:04]} 13. Bxe5 {[%clk 1:16:13]} Nxe5
{[%clk 1:17:24]} 14. h4 {[%clk 1:14:30]} Nxg4 {[%clk 1:10:34]} 15. Rc1
{[%clk 1:14:26]} Nf6 {[%clk 1:10:16]} 16. h5 {[%clk 1:13:01]} a6 {[%clk 0:43:39]}
17. h6 {[%clk 1:10:25]} Bh8 {[%clk 0:43:20]} 18. Nf5 {[%clk 1:10:22]} Nxd5
{[%clk 0:07:23]} 19. Qd2 {[%clk 1:01:03]} Bf6 {[%clk 0:00:38]} 20. Qxd5
{[%clk 0:50:28]} gxf5 {[%clk 0:00:38]} 21. exf5 {[%clk 0:49:43]} Qb4
{[%clk 0:00:38]} 22. Rc2 {[%clk 0:44:33]} Qd4 {[%clk 0:00:50]} 23. Qxd4
{[%clk 0:38:34]} Bxd4 {[%clk 0:01:07]} 24. Nd5 {[%clk 0:38:45]} Bf6
{[%clk 0:00:51]} 25. Bd3 {[%clk 0:37:54]} Kh8 {[%clk 0:00:42]} 26. Re2
{[%clk 0:37:15]} Bg5 {[%clk 0:00:37]} 27. Rh5 {[%clk 0:36:06]} Bf6
{[%clk 0:00:36]} 28. Nxe7 {[%clk 0:35:17]} b5 {[%clk 0:00:35]} 29. Be4
{[%clk 0:33:44]} Ra7 {[%clk 0:00:37]} 30. Nc6 {[%clk 0:33:40]} Rc7
{[%clk 0:00:52]} 31. Rd2 {[%clk 0:33:19]} Be5 {[%clk 0:00:41]} 32. Kf2
{[%clk 0:32:19]} Bb7 {[%clk 0:00:38]} 33. Nxe5 {[%clk 0:30:57]} dxe5
{[%clk 0:00:54]} 34. Bxb7 Rxb7 {[%clk 0:01:24]} 35. Rd5 {[%clk 0:30:26]} c4
{[%clk 0:01:26]} 36. Rxe5 {[%clk 0:29:29]} Rb6 {[%clk 0:01:31]} 37. Rh4
{[%clk 0:28:14]} Rd6 {[%clk 0:01:28]} 38. Ke2 {[%clk 0:27:41]} Rfd8
{[%clk 0:01:18]} 39. Ke3 {[%clk 0:21:56]} Rd3+ {[%clk 0:00:50]} 40. Kf4
{[%clk 0:19:13]} c3 {[%clk 0:00:40]} 41. bxc3 {[%clk 0:18:35]} Rxc3
{[%clk 0:01:06]} 42. Rh2 {[%clk 0:18:19]} Rc4+ {[%clk 0:00:59]} 43. Ke3
{[%clk 0:14:56]} Rc6 {[%clk 0:00:57]} 44. Kf4 {[%clk 0:08:17]} Rb6
{[%clk 0:01:08]} 45. Re7 {[%clk 0:05:26]} Rf8 {[%clk 0:00:50]} 46. Ke5
{[%clk 0:03:32]} Rc6 {[%clk 0:00:41]} 47. Kd5 {[%clk 0:01:57]} Rf6
{[%clk 0:00:42]} 48. Ke5 {[%clk 0:01:52]} Rc6 {[%clk 0:01:07]} 49. Kd5
{[%clk 0:02:07]} Rb6 {[%clk 0:01:26]} 50. f4 {[%clk 0:01:48]} b4 {[%clk 0:01:47]}
51. Rh3 {[%clk 0:00:42]} Rb5+ 52. Kc6 {[%clk 0:00:33]} Rxf5 {[%clk 0:01:26]} 53.
Rhe3 {[%clk 0:00:37]} Rf6+ {[%clk 0:01:27]} 54. Kc5 {[%clk 0:00:39]} Rxh6
{[%clk 0:00:58]} 55. Kxb4 {[%clk 0:00:50]} Rh2 {[%clk 0:00:58]} 56. Ra3
{[%clk 0:00:56]} Rb2+ {[%clk 0:00:50]} 57. Ka5 {[%clk 0:00:34]} Rf2
{[%clk 0:00:50]} 58. Ra4 {[%clk 0:00:45]} Kg7 {[%clk 0:00:43]} 59. Ra7
{[%clk 0:00:39]} Rd8 {[%clk 0:00:43]} 60. Rxa6 {[%clk 0:00:47]} Rd5+
{[%clk 0:00:42]} 61. Kb6 {[%clk 0:00:58]} Rd6+ {[%clk 0:00:51]} 62. Kb7
{[%clk 0:01:03]} Rxa6 {[%clk 0:01:19]} 63. Kxa6 {[%clk 0:01:24]} h5
{[%clk 0:01:43]} 64. Ra5 {[%clk 0:00:59]} h4 {[%clk 0:01:35]} 65. Rg5+
{[%clk 0:01:20]} Kf6 {[%clk 0:01:44]} 66. a4 {[%clk 0:01:10]} Rxf4 67. Ra5
{[%clk 0:00:36]} Rf5 {[%clk 0:02:20]} 0-1

[Event "Mistrovstvi Cech 2019 - U14"]
[Site "?"]
[Date "2019.10.27"]
[Round "2.7"]
[White "Prazak, Daniel"]
[Black "Martinkova, Magdalena"]
[Result "1-0"]
[BlackElo "1519"]
[WhiteElo "1725"]
[LiveChessVersion "1.4.8"]

1. e4 e5 2. Nf3 Nc6 3. Bb5 a6 4. Ba4 Nf6 5. O-O b5 6. Bb3 Be7 7. Re1 O-O 8. h3 d6
9. c3 Na5 10. Bc2 c5 11. d4 Qc7 12. Nbd2 cxd4 13. cxd4 Bd7 14. Nf1 Rac8 15. Ne3
Nc4 16. Nxc4 Qxc4 17. Bb3 Qc7 18. Bd2 Bc6 19. Rc1 Qb7 20. d5 Bd7 21. Bb4 Rxc1 22.
Qxc1 Qb6 23. Nxe5 a5 24. Nxd7 Nxd7 25. Bd2 Nc5 26. Be3 Rc8 27. Bd1 Qb7 28. Bxc5
Rxc5 29. Qd2 Qc7 30. f4 Qb6 31. Kh2 b4 32. e5 Qb5 33. Bf3 h6 34. Qe3 dxe5 35.
fxe5 Bg5 36. Qe4 Rc4 37. Qe2 Qc5 38. e6 Bf4+ 39. Kh1 Rc1 40. e7 1-0

[Event "Mistrovstvi Cech 2019 - U14"]
[Site "?"]
[Date "2019.10.27"]
[Round "2.8"]
[White "Werner, Hong Quan Dan"]
[Black "Madle, Robin"]
[Result "1-0"]
[BlackElo "1481"]
[WhiteElo "1699"]
[LiveChessVersion "1.4.8"]

1. e4 {[%clk 1:30:54]} e5 {[%clk 1:30:59]} 2. Nf3 {[%clk 1:31:02]} Nc6
{[%clk 1:31:28]} 3. Bb5 {[%clk 1:31:23]} a6 {[%clk 1:31:32]} 4. Ba4
{[%clk 1:31:46]} Nf6 {[%clk 1:31:55]} 5. O-O {[%clk 1:32:03]} b5 {[%clk 1:32:22]}
6. Bb3 {[%clk 1:32:23]} Bc5 {[%clk 1:32:50]} 7. c3 {[%clk 1:28:41]} d6
{[%clk 1:29:42]} 8. d4 {[%clk 1:28:10]} exd4 {[%clk 1:27:35]} 9. cxd4
{[%clk 1:28:31]} Bb6 {[%clk 1:25:53]} 10. h3 {[%clk 1:24:29]} O-O
{[%clk 1:25:55]} 11. Bg5 {[%clk 1:17:14]} Bb7 {[%clk 1:16:45]} 12. Nc3
{[%clk 1:14:08]} h6 {[%clk 1:13:29]} 13. Bh4 {[%clk 1:13:50]} Rb8
{[%clk 1:06:27]} 14. Nd5 {[%clk 1:09:44]} Kh8 {[%clk 0:56:51]} 15. e5
{[%clk 1:05:25]} dxe5 {[%clk 0:49:38]} 16. dxe5 {[%clk 1:05:17]} Nxe5
{[%clk 0:47:38]} 17. Nxe5 {[%clk 1:05:16]} Bxd5 {[%clk 0:47:00]} 18. Bxd5
{[%clk 1:05:02]} Qxd5 {[%clk 0:46:51]} 19. Bxf6 {[%clk 0:54:33]} Bd4
{[%clk 0:31:06]} 20. Qxd4 {[%clk 0:53:27]} Qxd4 {[%clk 0:27:10]} 21. Nxf7+
{[%clk 0:53:40]} Rxf7 {[%clk 0:27:29]} 22. Bxd4 {[%clk 0:54:04]} Rd8
{[%clk 0:27:37]} 23. Be3 {[%clk 0:53:47]} 1-0

[Event "Mistrovstvi Cech 2019 - U14"]
[Site "?"]
[Date "2019.10.27"]
[Round "2.9"]
[White "Nagyova, Daniela"]
[Black "Stejskal, Michal"]
[Result "0-1"]
[BlackElo "1691"]
[WhiteElo "1532"]
[LiveChessVersion "1.4.8"]

1. e4 {[%clk 1:30:57]} c5 {[%clk 1:30:51]} 2. Nf3 {[%clk 1:31:04]} d6
{[%clk 1:31:12]} 3. d4 {[%clk 1:31:11]} cxd4 {[%clk 1:31:29]} 4. Nxd4
{[%clk 1:31:34]} Nf6 {[%clk 1:31:42]} 5. Nc3 {[%clk 1:31:33]} a6 {[%clk 1:31:45]}
6. Bc4 {[%clk 1:30:55]} e6 {[%clk 1:30:20]} 7. Bb3 {[%clk 1:30:30]} Be7
{[%clk 1:29:27]} 8. O-O {[%clk 1:29:18]} O-O {[%clk 1:25:40]} 9. f4
{[%clk 1:27:24]} Qc7 {[%clk 1:22:55]} 10. Qe2 {[%clk 1:22:57]} Nbd7
{[%clk 1:17:00]} 11. Bd2 {[%clk 1:17:50]} Qb6 {[%clk 1:13:44]} 12. Be3
{[%clk 1:15:28]} Nc5 {[%clk 1:10:00]} 13. e5 {[%clk 1:12:07]} Nfd7
{[%clk 1:05:59]} 14. Na4 {[%clk 1:08:41]} Qc7 {[%clk 1:04:07]} 15. Nxc5
{[%clk 1:06:57]} Nxc5 {[%clk 1:03:09]} 16. Bd2 {[%clk 1:03:08]} Rd8
{[%clk 0:59:50]} 17. c3 {[%clk 1:00:54]} Nxb3 {[%clk 0:58:11]} 18. axb3
{[%clk 1:00:15]} b6 {[%clk 0:55:37]} 19. Qh5 {[%clk 0:46:42]} Bb7
{[%clk 0:49:29]} 20. Rad1 {[%clk 0:39:16]} g6 {[%clk 0:46:11]} 21. Qg4
{[%clk 0:37:53]} dxe5 {[%clk 0:38:10]} 22. fxe5 {[%clk 0:29:13]} Qxe5
{[%clk 0:35:47]} 23. Rde1 {[%clk 0:27:09]} Qd5 {[%clk 0:32:48]} 24. Bh6
{[%clk 0:23:38]} Bc5 {[%clk 0:28:17]} 25. Rd1 {[%clk 0:22:07]} e5
{[%clk 0:22:26]} 26. b4 {[%clk 0:19:15]} Bxd4+ {[%clk 0:21:30]} 27. cxd4
{[%clk 0:19:28]} exd4 {[%clk 0:20:23]} 28. Rf4 {[%clk 0:17:14]} d3
{[%clk 0:17:21]} 29. h4 {[%clk 0:14:59]} Rac8 {[%clk 0:16:16]} 30. h5
{[%clk 0:13:54]} Rc2 {[%clk 0:15:53]} 31. Rf2 {[%clk 0:13:00]} Rxf2
{[%clk 0:14:28]} 32. Kxf2 {[%clk 0:13:01]} Re8 {[%clk 0:12:54]} 33. Rd2
{[%clk 0:11:23]} Qe5 {[%clk 0:12:22]} 34. Qd1 {[%clk 0:10:12]} g5
{[%clk 0:10:50]} 35. Rxd3 {[%clk 0:09:21]} Qf6+ {[%clk 0:10:52]} 36. Kg1
{[%clk 0:08:45]} Qxh6 {[%clk 0:11:03]} 37. Rd6 {[%clk 0:08:42]} Re1+
{[%clk 0:09:59]} 38. Qxe1 {[%clk 0:09:04]} Qxd6 {[%clk 0:10:18]} 39. Qe3
{[%clk 0:08:24]} Qd1+ {[%clk 0:10:16]} 40. Kh2 {[%clk 0:07:50]} Qxh5+
{[%clk 0:10:32]} 41. Kg1 {[%clk 0:08:03]} Qd1+ {[%clk 0:10:54]} 42. Kh2
{[%clk 0:08:11]} Qd6+ {[%clk 0:11:09]} 43. Kg1 {[%clk 0:07:55]} Qd5
{[%clk 0:11:10]} 44. Qg3 {[%clk 0:07:42]} Qxg2+ {[%clk 0:11:30]} 0-1

[Event "Mistrovstvi Cech 2019 - U14"]
[Site "?"]
[Date "2019.10.27"]
[Round "2.10"]
[White "Benes, Jachym"]
[Black "Markova, Karolina"]
[Result "1/2-1/2"]
[BlackElo "1455"]
[WhiteElo "1656"]
[LiveChessVersion "1.4.8"]

1. d4 {[%clk 1:30:55]} Nf6 {[%clk 1:30:55]} 2. c4 {[%clk 1:31:20]} g6
{[%clk 1:31:18]} 3. Nc3 {[%clk 1:31:45]} Bg7 {[%clk 1:31:43]} 4. e4 d6
{[%clk 1:32:09]} 5. Nf3 {[%clk 1:32:34]} O-O {[%clk 1:32:31]} 6. h3
{[%clk 1:32:45]} c5 {[%clk 1:32:27]} 7. d5 {[%clk 1:31:31]} Na6 {[%clk 1:30:23]}
8. a3 {[%clk 1:29:25]} Nc7 {[%clk 1:29:42]} 9. Bd3 {[%clk 1:29:17]} a6
{[%clk 1:29:12]} 10. O-O {[%clk 1:26:59]} Rb8 {[%clk 1:28:45]} 11. Qe2
{[%clk 1:25:05]} Bd7 {[%clk 1:28:26]} 12. a4 {[%clk 1:24:05]} a5 {[%clk 1:27:03]}
13. Nb5 {[%clk 1:21:41]} Na6 {[%clk 1:24:36]} 14. Nd2 {[%clk 1:17:04]} Nb4
{[%clk 1:22:31]} 15. Bb1 {[%clk 1:16:53]} Bxb5 {[%clk 1:21:13]} 16. axb5
{[%clk 1:17:09]} Nd7 {[%clk 1:20:20]} 17. f4 {[%clk 1:09:08]} b6 {[%clk 1:07:51]}
18. Nf3 {[%clk 1:07:37]} Qc7 {[%clk 1:05:52]} 19. Ra3 {[%clk 1:05:18]} Rbe8
{[%clk 0:54:26]} 20. Re3 {[%clk 0:57:21]} e5 {[%clk 0:48:21]} 21. f5
{[%clk 0:56:08]} Nf6 {[%clk 0:43:55]} 22. g4 {[%clk 0:53:28]} h6 {[%clk 0:37:11]}
23. Rc3 {[%clk 0:46:12]} Kh7 {[%clk 0:28:10]} 24. Qg2 {[%clk 0:31:20]} gxf5
{[%clk 0:24:37]} 25. exf5 {[%clk 0:30:21]} e4 {[%clk 0:23:13]} 26. Nh2
{[%clk 0:29:46]} Re7 {[%clk 0:11:16]} 27. Re3 {[%clk 0:29:24]} Rfe8
{[%clk 0:09:47]} 28. Kh1 {[%clk 0:27:23]} Re5 {[%clk 0:05:22]} 29. b3
{[%clk 0:24:05]} Nd3 {[%clk 0:02:58]} 30. Bd2 {[%clk 0:20:24]} R5e7
{[%clk 0:02:19]} 31. Bxd3 {[%clk 0:19:46]} exd3 {[%clk 0:02:41]} 32. Rxd3
{[%clk 0:19:45]} Re2 {[%clk 0:02:49]} 33. Rf2 {[%clk 0:19:47]} Rxf2
{[%clk 0:02:26]} 34. Qxf2 {[%clk 0:19:48]} Ne4 {[%clk 0:02:12]} 35. Qf3
{[%clk 0:14:41]} Bd4 {[%clk 0:01:23]} 36. Be1 {[%clk 0:11:45]} Ng5
{[%clk 0:01:39]} 37. Qf1 {[%clk 0:11:47]} Qe7 {[%clk 0:01:39]} 38. Bh4
{[%clk 0:09:28]} Qe4+ {[%clk 0:02:25]} 39. Nf3 {[%clk 0:09:51]} Nxf3
{[%clk 0:02:15]} 40. Qxf3 {[%clk 0:10:09]} Qxf3+ {[%clk 0:02:14]} 41. Rxf3
{[%clk 0:10:31]} f6 {[%clk 0:02:33]} 42. Rd3 {[%clk 0:06:28]} Be5
{[%clk 0:01:23]} 43. Kg2 {[%clk 0:06:39]} Kg7 {[%clk 0:01:19]} 44. Kf3
{[%clk 0:06:51]} Re7 {[%clk 0:01:20]} 45. Re3 {[%clk 0:06:54]} Kf7
{[%clk 0:01:00]} 46. Bg3 {[%clk 0:06:25]} Re8 {[%clk 0:01:10]} 47. Bxe5
{[%clk 0:06:50]} fxe5 {[%clk 0:01:32]} 48. Kg3 {[%clk 0:05:44]} Rg8
{[%clk 0:01:19]} 49. Kf3 {[%clk 0:05:11]} Kf6 {[%clk 0:01:17]} 50. Ke4
{[%clk 0:03:14]} Rg7 {[%clk 0:01:19]} 51. Kf3 {[%clk 0:02:48]} Rg8
{[%clk 0:01:44]} 52. Kg3 {[%clk 0:03:07]} Rg7 {[%clk 0:01:50]} 53. Kh4
{[%clk 0:03:28]} Rg8 {[%clk 0:01:45]} 54. Kh5 {[%clk 0:01:01]} Rh8
{[%clk 0:02:05]} 55. Re4 {[%clk 0:01:16]} Rh7 {[%clk 0:02:16]} 56. Kh4 1/2-1/2

[Event "Mistrovstvi Cech 2019 - U14"]
[Site "?"]
[Date "2019.10.27"]
[Round "2.11"]
[White "Zemanova, Nikola"]
[Black "Jirasko, Miroslav"]
[Result "0-1"]
[BlackElo "1640"]
[WhiteElo "1490"]
[LiveChessVersion "1.4.8"]

1. d4 d5 2. c4 c6 3. Nf3 Nf6 4. Bf4 dxc4 5. e3 b5 6. Be2 e6 7. O-O a5 8. a4 Ba6
9. axb5 cxb5 10. Qd2 Bb4 11. Qc2 O-O 12. Ne5 Nbd7 13. Bf3 Nd5 14. Bxd5 exd5 15.
Nc6 Qb6 16. Nxb4 axb4 17. Qf5 Nf6 18. Nd2 c3 19. bxc3 bxc3 20. Nb3 b4 21. Rab1
Bxf1 22. Rxf1 Ra3 23. Rb1 Rfa8 24. h3 Qe6 25. Qd3 Qe4 26. Qxe4 Nxe4 27. Nc5 c2
0-1

[Event "Mistrovstvi Cech 2019 - U14"]
[Site "?"]
[Date "2019.10.27"]
[Round "2.12"]
[White "Stastny, Simon"]
[Black "Vilimek, Vit"]
[Result "1-0"]
[BlackElo "1631"]
[WhiteElo "1474"]
[LiveChessVersion "1.4.8"]

1. e4 {[%clk 1:30:56]} c5 {[%clk 1:30:53]} 2. Nf3 {[%clk 1:31:19]} Nc6
{[%clk 1:31:21]} 3. d4 {[%clk 1:31:32]} cxd4 {[%clk 1:31:47]} 4. Nxd4
{[%clk 1:31:54]} Nf6 {[%clk 1:32:13]} 5. Nc3 {[%clk 1:32:07]} e5 {[%clk 1:32:37]}
6. Ndb5 {[%clk 1:32:31]} d6 {[%clk 1:33:00]} 7. Bg5 {[%clk 1:32:54]} a6
{[%clk 1:33:19]} 8. Na3 {[%clk 1:33:10]} b5 {[%clk 1:33:45]} 9. Nd5
{[%clk 1:33:16]} Be7 {[%clk 1:34:10]} 10. Nxe7 {[%clk 1:33:20]} Nxe7
{[%clk 1:34:36]} 11. Bxf6 {[%clk 1:33:15]} gxf6 {[%clk 1:35:04]} 12. c4
{[%clk 1:33:18]} b4 {[%clk 1:34:05]} 13. Nc2 {[%clk 1:33:36]} a5 {[%clk 1:34:30]}
14. Ne3 {[%clk 1:33:06]} O-O {[%clk 1:34:20]} 15. Bd3 {[%clk 1:32:03]} Be6
{[%clk 1:33:19]} 16. b3 {[%clk 1:29:48]} Kh8 {[%clk 1:33:03]} 17. f3
{[%clk 1:29:43]} Rg8 {[%clk 1:29:46]} 18. g4 {[%clk 1:27:10]} Ng6
{[%clk 1:27:39]} 19. Ng2 {[%clk 1:26:33]} Qf8 {[%clk 1:23:58]} 20. Qd2
{[%clk 1:25:56]} Ne7 {[%clk 1:22:24]} 21. Ne3 {[%clk 1:24:17]} Nc6
{[%clk 1:21:51]} 22. Nc2 {[%clk 1:24:05]} Nd8 {[%clk 1:09:57]} 23. O-O-O
{[%clk 1:23:55]} Nc6 {[%clk 1:08:27]} 24. Be2 {[%clk 1:24:07]} Rd8
{[%clk 1:08:36]} 25. h4 {[%clk 1:21:25]} Qe7 {[%clk 1:08:32]} 26. Rhg1
{[%clk 1:16:10]} Qb7 {[%clk 1:06:13]} 27. h5 {[%clk 1:13:10]} a4 {[%clk 1:01:40]}
28. Qh6 {[%clk 1:12:49]} Qe7 {[%clk 1:01:43]} 29. Rdf1 {[%clk 1:05:04]} axb3
{[%clk 0:59:44]} 30. axb3 {[%clk 1:05:21]} Na5 {[%clk 0:57:21]} 31. Kb2
{[%clk 1:02:44]} Nb7 {[%clk 0:51:39]} 32. Nxb4 {[%clk 0:58:44]} Na5
{[%clk 0:50:57]} 33. Ra1 {[%clk 0:58:17]} Ra8 {[%clk 0:50:55]} 34. Rxa5
{[%clk 0:54:45]} Rxa5 {[%clk 0:48:14]} 35. Nc6 {[%clk 0:55:09]} Ra2+
{[%clk 0:48:14]} 36. Kxa2 {[%clk 0:55:15]} Ra8+ {[%clk 0:48:35]} 37. Kb2
{[%clk 0:55:12]} Qb7 {[%clk 0:48:02]} 38. Qxf6+ {[%clk 0:55:02]} Kg8
{[%clk 0:48:31]} 39. h6 {[%clk 0:52:06]} 1-0